Magyarországi eredetű szavak a francia nyelvben és irodalomban

Elmentve itt :
Bibliográfiai részletek
Szerző: Lovas Borbála
Dokumentumtípus: Cikk
Megjelent: 1932
Sorozat:Études françaises 7
Kulcsszavak:Nyelvtudomány, Művelődés
Online Access:http://acta.bibl.u-szeged.hu/16952
LEADER 00628nab a2200181 i 4500
001 acta16952
005 20210622142110.0
008 161015s1932 hu o 0|| hun d
040 |a SZTE Egyetemi Kiadványok Repozitórium  |b hun 
041 |a hun 
041 |a fre 
100 1 |a Lovas Borbála 
245 1 0 |a Magyarországi eredetű szavak a francia nyelvben és irodalomban  |h [elektronikus dokumentum] /  |c  Lovas Borbála 
260 |c 1932 
300 |a 0-211 
490 0 |a Études françaises  |v 7 
695 |a Nyelvtudomány, Művelődés 
856 4 0 |u http://acta.bibl.u-szeged.hu/16952/1/francia_tanulmanyok_007_000-211.pdf  |z Dokumentum-elérés